000
00407nam a2200133Ia 4500
008
100328s9999 xx 000 0 und d
082
_b
30333
100
_a
आगरकर गो. ग.
245
_a
निबंध संग्रह
260
_b
शिराळकर आणि कं.
630
_a
निबंध संग्रह
730
_a
निबंध संग्रह
942
_c
BOOK
999
_c
521307
_d
521304